00625nam a22002177a 450000500170000001000130001702000230003003500130005303700160006604000120008208200170009410000160011124500570012726000380018427000470022230000200026950000230028965000300031265000510034270000140039320170124110016.0 aA-950228 c350.00a8171770975 aA-950228 bCen Lib/Ret aDPLbEN a346.048bABE aAbell, Mark aFranchising in India /cby Mark Abell [and] Lisa Sen aCalcuttabEastern Law Housec1998 a54 Ganesh Chunder AvenuebCalcuttae700013 a352p.c21cm(Hb) aIncludes index  aFranchises (Retail trade) aFranchises (Retail trade)--Law and legislation aSen, Lisa